carte mémoire - Statistiques

Statistiques générales
  • Ce quiz a été pris 17 fois
  • Le résultat moyen est 1 sur 13
Statistiques - réponses
Hint Réponse % Correct
as de pique 1
100%
valet pique labyrinthes
7%
2 pique le
7%
3 pique les
7%
6 pique lettre
7%
4 pique lire
7%
5 pique livre
7%
dame pique lacrymogènes
0%
10 pique laideronne
0%
roi pique lézarderaient
0%
7 pique listage
0%
9 pique livraison
0%
8 pique livreuse
0%
Aucun quiz correspondant
Distribution des résultats
% des personnes avec chaque résultat
Percentile par nombre de réponses
Votre historique - résultats
Vous n’avez pas pris ce quiz